00374nas a2200157 4500000000100000008004100001260001300042653001100055653001200066100001500078245005200093856004100145300000900186490000700195022001400202 1981 d c1981 Mar10aHumans10aleprosy1 aPettit J H00aShould indeterminate leprosy ever be diagnosed? uhttp://ila.ilsl.br/pdfs/v49n1a28.pdf a95-60 v49 a0148-916X